|
|
|
|
| LEADER |
00000cam a2200000 a 4500 |
| 001 |
684 |
| 005 |
20230308174149.0 |
| 008 |
988032|1986 ||||||||r|||||||||||spa|| |
| 020 |
|
|
|a 8470032836
|
| 040 |
|
|
|b spa
|
| 041 |
1 |
|
|a spa
|
| 082 |
0 |
|
|a 636.9
|
| 100 |
1 |
|
|a Molinero Z., Juan M.
|9 74213
|
| 245 |
1 |
1 |
|a Conejos: alojamiento y manejo
|c Juan Molinero
|h imp
|
| 250 |
|
|
|a 2a ed.
|
| 264 |
|
|
|a Barcelona
|b Aedos
|c 1986
|
| 300 |
|
|
|a 257 p
|b tab
|c 20 cm
|
| 504 |
|
|
|a incl. ref.
|
| 650 |
1 |
|
|a Conejos
|9 70276
|
| 650 |
1 |
|
|a Alojamiento de conejos
|9 74214
|
| 852 |
|
|
|a UC-YANUNCAY
|c SALA 1 AGROPECUARIAS
|f Compra
|k esthela.duran
|l 1
|m General
|p 19880323
|q 5,00
|r 2
|t 684
|b 0
|d CDRY
|e CDRY
|g 636.9 SALA 1 AGROPECUARIAS
|z 1988-80-32
|
| 942 |
|
|
|c BK
|
| 999 |
|
|
|c 45511
|d 45511
|